Score 0/35 Timer 06:00
0 Plays Today
Hint Answer % Correct
Boyfriend/fiance seasons 4-6Xander Harris
94.8%
Afraid of these animalsBunnies
94%
Sleeps with this vampire Spike
92.9%
First appearance (episode) 'The Wish'
91.5%
Co-owner of this shopThe Magic Box
91.3%
Demon nameAnyanka
91.3%
Best demon friendHalfrek
89.9%
Season 4 Halloween costumeBunny
89.9%
Temporarily believes herself to be engaged to Rupert Giles
89.8%
She turns him into atroll
89.1%
Portrayed by (actor)Emma Caulfield
88.7%
Demon boss D'Hoffryn
86.5%
Type of demon she wasVengeance demon
86%
First husbandOlaf
83.5%
Sings this duet in 'Once More, With Feeling''I'll Never Tell'
81.6%
Killed by a Bringer
78.6%
Frequently mentions an alternate universe in which this creature does not existshrimp
76.6%
Second human alias (full name)Anya Christina Emanuella Jenkins
76.3%
Hint Answer % Correct
Fill in the blanks: 'Can I trade in the ________ for more cash?'children
76.3%
Where she finds the last Urn of OsiriseBay
76.2%
Original human nameAud
74.6%
Hung out with this vampire back in her demon daysDracula
73.2%
This character calls her the perfect womanAndrew Wells
61.3%
Two favourite thingsMoney and sex
57.7%
Season 6 Halloween costumeCharlie's Angel
55.5%
Place of originSjornjost, Sweden
52.8%
'Birthday'4 July
51.6%
Uses this weapon to fight Glory's minionsBaseball bat
32.9%
'Buffy has super strength. Why don't we just load her up like one of those ______ ______?'little horses
28.5%
Sings this solo in 'Selfless''I'll Be Mrs'
26.2%
'We don't groove with the ''sorry.'' We prefer, ''Oh God, please stop hitting me with my own ___ _____!'''rib bones
25.4%
'Home state'Indiana
24%
First human alias (in high school)Anya Emerson
23.5%
Favourite animalMonkeys
11.1%
Summons this demon to kill a group of fraternity boysGrimslaw demon
7.2%
Remove Ads.
Support Sporcle.
Get the best of Sporcle when you Go Orange. This ad-free experience offers more features, more stats, and more fun while also helping to support Sporcle. Thank you for becoming a member.

You're not logged in!

Compare scores with friends on all Sporcle quizzes.
OR
Log In

Show Comments

Extras

Top Quizzes Today


Score Distribution

Your Account Isn't Verified!

In order to create a playlist on Sporcle, you need to verify the email address you used during registration. Go to your Sporcle Settings to finish the process.

Report this User

Report this user for behavior that violates our Community Guidelines.

Details: